Erradicación de tugurios en la Gran Area Metropolitana : programa Costa Rica-Suecia
Збережено в:
| Автор: | |
|---|---|
| Інші автори: | |
| Формат: | Книга |
| Опубліковано: |
San José, Costa Rica
1989
|
| Предмети: | |
| Теги: |
Додати тег
Немає тегів, Будьте першим, хто поставить тег для цього запису!
|
MARC
| LEADER | 00000nam a2200000Ia 4500 | ||
|---|---|---|---|
| 003 | 004750 | ||
| 005 | 20221231144338.0 | ||
| 008 | 140114s1989 cr a m 000 ||s d | ||
| 040 | |c cru CEDI | ||
| 090 | |a TFG 2211 | ||
| 100 | |a Chaves Sáenz, María Lourdes |9 13304 | ||
| 245 | |a Erradicación de tugurios en la Gran Area Metropolitana : programa Costa Rica-Suecia | ||
| 260 | |c 1989 |a San José, Costa Rica | ||
| 300 | |a 299 hojas (algunas plegables) : ilustraciones | ||
| 500 | |a Proyecto de graduación (licenciatura en ingeniería civil)--Universidad de Costa Rica. Facultad de Ingeniería. Escuela de Ingeniería Civil | ||
| 650 | |x FUNDACION PROMOTORA DE VIVIENDA (COSTA RICA) |x VIVIENDA - PROBLEMAS |x BARRIOS MARGINADOS - GRAN AREA METROPOLITANA (COSTA RICA) |9 13306 | ||
| 700 | |9 13305 |a Rojas Salas, Miguel Angel | ||
| 942 | |c TFG | ||
| 999 | |c 20498 |d 20498 | ||
